[Event "Torneo Diputación Foral de Gipuzkoa"]
[Site "San Sebastian ESP"]
[Date "2009.07.07"]
[Round "1.1"]
[White "Hamdouchi, Adina-Maria"]
[Black "Pokorna, Regina"]
[Result "1/2-1/2"]
[WhiteElo "2324"]
[BlackElo "2381"]
[PlyCount "81"]
[EventDate "2009.07.07"]
[EventType "tourn"]
[EventRounds "9"]
[EventCountry "ESP"]
[EventCategory "3"]
[Source "lmi"]
[SourceDate "2009.07.07"]

1. d4 d5 2. Bf4 Nf6 3. e3 c5 4. c3 Nc6 5. Nd2 e6 6. Ngf3 Bd6 7. Bg3 O-O 8. Bd3
b6 9. Ne5 Bb7 10. O-O Rc8 11. f4 Ne7 12. Qf3 Ne8 13. Qh5 g6 14. Qe2 Ng7 15. Bf2
f6 16. Nef3 Nc6 17. g3 e5 18. fxe5 fxe5 19. dxe5 Bxe5 20. Rad1 Qc7 21. e4 dxe4
22. Bxe4 Rce8 23. Bd5+ Kh8 24. Ne4 Nf5 25. Nfg5 Nd8 26. Bxb7 Nxb7 27. Qc4 h6
28. Nf3 Bg7 29. Ned2 Qc6 30. Rde1 Nbd6 31. Qd3 c4 32. Qc2 Qd5 33. Rxe8 Rxe8 34.
g4 Ne7 35. Re1 Bf6 36. Ne4 Nxe4 37. Qxe4 Rd8 38. Nd4 Qxe4 39. Rxe4 Rd6 40. h4
Kg8 41. Kg2 1/2-1/2

[Event "Torneo Diputación Foral de Gipuzkoa"]
[Site "San Sebastian ESP"]
[Date "2009.07.07"]
[Round "1.2"]
[White "Milliet, Sophie"]
[Black "Karlovich, Anastazia"]
[Result "1-0"]
[WhiteElo "2388"]
[BlackElo "2211"]
[PlyCount "70"]
[EventDate "2009.07.07"]
[EventType "tourn"]
[EventRounds "9"]
[EventCountry "ESP"]
[EventCategory "3"]
[Source "lmi"]
[SourceDate "2009.07.07"]

1. e4 e5 2. Nf3 Nc6 3. Bb5 a6 4. Ba4 d6 5. c3 Bd7 6. d4 Nge7 7. Be3 Ng6 8. h4
h5 9. g3 Be7 10. d5 Nb8 11. Nbd2 Bxa4 12. Qxa4+ Nd7 13. Ng5 Bxg5 14. hxg5 h4
15. O-O-O hxg3 16. Rxh8+ Nxh8 17. fxg3 Qe7 18. Qb4 b6 19. Qa4 b5 20. Qa5 Qd8
21. Kc2 Ng6 22. a4 c5 23. Nb3 Qxa5 24. Nxa5 Nb6 25. axb5 axb5 26. b4 Nc8 27.
Kb2 Nb6 28. Ra1 Kd7 29. Rf1 Ke8 30. Kb3 c4+ 31. Kb2 Nd7 32. Rh1 Ndf8 33. Nc6
Ne7 34. Na7 Rb8 35. Ra1 Nc8 1-0

[Event "Torneo Diputación Foral de Gipuzkoa"]
[Site "San Sebastian ESP"]
[Date "2009.07.07"]
[Round "1.3"]
[White "Zakurdjaeva, Irina"]
[Black "Michna, Marta"]
[Result "1-0"]
[WhiteElo "2305"]
[BlackElo "2379"]
[PlyCount "93"]
[EventDate "2009.07.07"]
[EventType "tourn"]
[EventRounds "9"]
[EventCountry "ESP"]
[EventCategory "3"]
[Source "lmi"]
[SourceDate "2009.07.07"]

1. e4 e6 2. d4 d5 3. Nc3 Bb4 4. e5 c5 5. a3 Bxc3+ 6. bxc3 Nc6 7. Qg4 g6 8. Nf3
Qa5 9. Bd2 Qa4 10. Ra2 c4 11. Be2 Bd7 12. Qf4 h6 13. h4 Rh7 14. h5 g5 15. Qg3
O-O-O 16. Nh2 f6 17. f4 Rf8 18. O-O Rhf7 19. Ng4 fxe5 20. fxg5 Rxf1+ 21. Bxf1
Qb5 22. Ra1 exd4 23. Qd6 Rd8 24. Bf4 Qa5 25. Ne5 hxg5 26. Bxg5 Nxe5 27. Qxe5
Re8 28. h6 Ne7 29. h7 Ng6 30. Qg7 Nh8 31. Bf6 Qxc3 32. Bxd4 Qxc2 33. Re1 Qg6
34. Re3 Qb1 35. Rg3 Qf5 36. Rf3 Qe4 37. Rf8 Ng6 38. Rxe8+ Bxe8 39. h8=Q Nxh8
40. Qxh8 Qg6 41. Bxa7 Kd7 42. Qe5 Qf7 43. Bb6 Kc6 44. Bd4 Qe7 45. Qb8 Bg6 46.
a4 Bc2 47. Qc8+ 1-0

[Event "Torneo Diputación Foral de Gipuzkoa"]
[Site "San Sebastian ESP"]
[Date "2009.07.07"]
[Round "1.4"]
[White "Tania, Sachdev"]
[Black "Melnikova, Yana"]
[Result "0-1"]
[WhiteElo "2410"]
[BlackElo "2285"]
[PlyCount "78"]
[EventDate "2009.07.07"]
[EventType "tourn"]
[EventRounds "9"]
[EventCountry "ESP"]
[EventCategory "3"]
[Source "lmi"]
[SourceDate "2009.07.07"]

1. d4 d5 2. c4 e6 3. Nf3 c6 4. Qb3 dxc4 5. Qxc4 b5 6. Qd3 Nf6 7. Nc3 Nbd7 8. e4
a6 9. e5 Nd5 10. Nxd5 exd5 11. Qc2 Bb7 12. Bd3 Bb4+ 13. Kf1 Nf8 14. Be3 Ne6 15.
Bf5 Be7 16. h4 Qd7 17. Ng5 Bxg5 18. Bxg5 h6 19. Be3 O-O-O 20. h5 Kb8 21. a4 Qe7
22. axb5 cxb5 23. Qd2 Rc8 24. Ke2 Rc4 25. b3 Rc7 26. Bd3 Rhc8 27. Qa5 Rc3 28.
Rab1 Ng5 29. Bd2 R3c6 30. f4 Ne4 31. Bxe4 dxe4 32. Rbc1 Qe6 33. Rxc6 Qg4+ 34.
Kf2 Rxc6 35. Qd8+ Rc8 36. Qd6+ Ka8 37. Kg1 Rc2 38. Qd8+ Ka7 39. Qh4 Qxh4 0-1

[Event "Torneo Diputación Foral de Gipuzkoa"]
[Site "San Sebastian ESP"]
[Date "2009.07.07"]
[Round "1.5"]
[White "Ionica, Iulia-Ionela"]
[Black "Rozic, Vesna"]
[Result "1/2-1/2"]
[WhiteElo "2263"]
[BlackElo "2239"]
[PlyCount "76"]
[EventDate "2009.07.07"]
[EventType "tourn"]
[EventRounds "9"]
[EventCountry "ESP"]
[EventCategory "3"]
[Source "lmi"]
[SourceDate "2009.07.07"]

1. e4 e6 2. d4 d5 3. Nc3 Nf6 4. Bg5 dxe4 5. Nxe4 Be7 6. Bxf6 gxf6 7. Qd3 b6 8.
O-O-O Bb7 9. f4 f5 10. Nc3 c6 11. g4 Qc7 12. Nge2 fxg4 13. h3 gxh3 14. Rxh3 Nd7
15. Rxh7 Rxh7 16. Qxh7 Nf8 17. Qh5 Bd6 18. f5 O-O-O 19. Bg2 Kb8 20. Kb1 Qe7 21.
a4 a5 22. Rf1 exf5 23. Qxf5 Rd7 24. Qf2 Bc7 25. Ng3 Qh4 26. Nf5 Qxf2 27. Rxf2
Ne6 28. Ne2 c5 29. Bxb7 Kxb7 30. c3 cxd4 31. Nexd4 Nxd4 32. Nxd4 Be5 33. Rf5
Bxd4 34. cxd4 Rxd4 35. Rxf7+ Kc6 36. b3 Rd2 37. Rf5 Rh2 38. Rg5 Rf2 1/2-1/2

[Event "Torneo Diputación Foral de Gipuzkoa"]
[Site "San Sebastian ESP"]
[Date "2009.07.08"]
[Round "2.1"]
[White "Pokorna, Regina"]
[Black "Rozic, Vesna"]
[Result "1/2-1/2"]
[WhiteElo "2381"]
[BlackElo "2239"]
[PlyCount "102"]
[EventDate "2009.07.07"]
[EventType "tourn"]
[EventRounds "9"]
[EventCountry "ESP"]
[EventCategory "3"]
[Source "lmi"]
[SourceDate "2009.07.07"]

1. e4 e6 2. d4 d5 3. e5 c5 4. c3 Qb6 5. Nf3 Nc6 6. Be2 Nh6 7. Na3 cxd4 8. cxd4
Bb4+ 9. Kf1 Be7 10. Nc2 Nf5 11. h4 h5 12. g3 Bd7 13. Kg2 Rc8 14. Qd3 Na5 15. b3
a6 16. Bg5 Bb5 17. Qd2 Bxe2 18. Qxe2 Nc6 19. Rac1 Rc7 20. Be3 Qb5 21. Qd1 g6
22. Nce1 Qb6 23. Nd3 Nb4 24. Nxb4 Bxb4 25. Rxc7 Qxc7 26. Qd3 O-O 27. Rc1 Qd7
28. Qc2 Ba5 29. Bg5 Bd8 30. Bd2 Bb6 31. Bb4 Re8 32. Qc3 Ne7 33. Bxe7 Qxe7 34.
b4 Rd8 35. a4 Rd7 36. a5 Rc7 37. Qd2 Rxc1 38. Qxc1 Bd8 39. Qd2 Qc7 40. Ne1 Qc4
41. Nc2 Be7 42. Kf3 Qb3+ 43. Ke2 Kf8 44. Qd3 Qb2 45. Qd2 Qb3 46. f3 Ke8 47. Qd3
Qb2 48. Qd2 Qb3 49. Qd3 Qb2 50. Qd2 Qb3 51. Qd3 Qb2 1/2-1/2

[Event "Torneo Diputación Foral de Gipuzkoa"]
[Site "San Sebastian ESP"]
[Date "2009.07.08"]
[Round "2.2"]
[White "Melnikova, Yana"]
[Black "Ionica, Iulia-Ionela"]
[Result "1-0"]
[WhiteElo "2285"]
[BlackElo "2263"]
[PlyCount "67"]
[EventDate "2009.07.07"]
[EventType "tourn"]
[EventRounds "9"]
[EventCountry "ESP"]
[EventCategory "3"]
[Source "lmi"]
[SourceDate "2009.07.07"]

1. e4 c5 2. Nf3 e6 3. d4 cxd4 4. Nxd4 Nf6 5. Nc3 d6 6. Be3 a6 7. f3 b5 8. g4
Bb7 9. Qd2 Qa5 10. Nb3 Qc7 11. O-O-O Be7 12. Kb1 Nc6 13. Qf2 Nd7 14. g5 Na5 15.
Rg1 Nc5 16. Nxa5 Qxa5 17. e5 b4 18. exd6 bxc3 19. Bxc5 Bd5 20. b3 Bd8 21. Rxd5
exd5 22. Qe3+ Kd7 23. b4 Qa3 24. Bh3+ Kc6 25. b5+ axb5 26. Bxa3 Rxa3 27. Rd1
Bb6 28. Qd3 d4 29. Bf1 Bc5 30. Qxb5+ Kxd6 31. Bc4 Raa8 32. Bb3 Rhe8 33. Qc4 Re5
34. Qxc3 1-0

[Event "Torneo Diputación Foral de Gipuzkoa"]
[Site "San Sebastian ESP"]
[Date "2009.07.08"]
[Round "2.4"]
[White "Karlovich, Anastazia"]
[Black "Zakurdjaeva, Irina"]
[Result "0-1"]
[WhiteElo "2211"]
[BlackElo "2305"]
[PlyCount "54"]
[EventDate "2009.07.07"]
[EventType "tourn"]
[EventRounds "9"]
[EventCountry "ESP"]
[EventCategory "3"]
[Source "lmi"]
[SourceDate "2009.07.07"]

1. e4 c5 2. Nf3 d6 3. c3 Nf6 4. h3 Nc6 5. Bd3 g6 6. Bc2 Bg7 7. O-O O-O 8. Re1
e5 9. d4 exd4 10. cxd4 cxd4 11. Nxd4 Nxd4 12. Qxd4 Be6 13. Na3 Nh5 14. Qb4 Rc8
15. Rd1 Be5 16. Bb3 Rxc1 17. Raxc1 Nf4 18. Bxe6 fxe6 19. Rc2 Qg5 20. f3 Nxh3+
21. Kf1 Qe3 22. Qxb7 Qg1+ 23. Ke2 Qxg2+ 24. Kd3 Qxf3+ 25. Kd2 Bf4+ 26. Ke1 Qe3+
27. Kf1 Be5+ 0-1

[Event "Torneo Diputación Foral de Gipuzkoa"]
[Site "San Sebastian ESP"]
[Date "2009.07.08"]
[Round "2.5"]
[White "Hamdouchi, Adina-Maria"]
[Black "Milliet, Sophie"]
[Result "1/2-1/2"]
[WhiteElo "2324"]
[BlackElo "2388"]
[PlyCount "25"]
[EventDate "2009.07.07"]
[EventType "tourn"]
[EventRounds "9"]
[EventCountry "ESP"]
[EventCategory "3"]
[Source "lmi"]
[SourceDate "2009.07.07"]

1. d4 d5 2. c4 c6 3. cxd5 cxd5 4. Nf3 Nf6 5. Nc3 Nc6 6. Bf4 Bf5 7. e3 e6 8. Bd3
Bxd3 9. Qxd3 Bd6 10. Bxd6 Qxd6 11. O-O O-O 12. Rac1 Rfc8 13. Rfd1 1/2-1/2

[Event "Torneo Diputación Foral de Gipuzkoa"]
[Site "San Sebastian ESP"]
[Date "2009.07.09"]
[Round "3.1"]
[White "Milliet, Sophie"]
[Black "Pokorna, Regina"]
[Result "1/2-1/2"]
[WhiteElo "2388"]
[BlackElo "2381"]
[PlyCount "99"]
[EventDate "2009.07.07"]
[EventType "tourn"]
[EventRounds "9"]
[EventCountry "ESP"]
[EventCategory "3"]
[Source "lmi"]
[SourceDate "2009.07.07"]

1. e4 e5 2. Nf3 Nc6 3. Bb5 a6 4. Ba4 Nf6 5. O-O Be7 6. Re1 b5 7. Bb3 O-O 8. c3
d6 9. h3 Na5 10. Bc2 c5 11. d4 Qc7 12. d5 c4 13. Nbd2 Nb7 14. Nf1 Nc5 15. Ng3
Re8 16. Nh2 a5 17. f4 Qb6 18. Kh1 b4 19. fxe5 dxe5 20. Qf3 b3 21. Bb1 a4 22. a3
Qc7 23. Rf1 Bf8 24. Bg5 Ra6 25. Qe2 Ncd7 26. Nf5 h6 27. Bh4 Nh7 28. Ne3 Ra8 29.
d6 Bxd6 30. Nxc4 Ba6 31. Bd3 Nc5 32. Nxd6 Bxd3 33. Nxe8 Rxe8 34. Qf3 Bxf1 35.
Rxf1 Qb7 36. Re1 Nf8 37. Ng4 Ng6 38. Bg3 Re6 39. Qf5 Nd3 40. Re2 Qb5 41. Rd2
Re8 42. Qf1 Rd8 43. Nxe5 Ngxe5 44. Bxe5 Qxe5 45. Rxd3 Rxd3 46. Qxd3 Qf4 47.
Qd8+ Kh7 48. Qd5 Qc1+ 49. Kh2 Qxb2 50. Qf5+ 1/2-1/2

[Event "Torneo Diputación Foral de Gipuzkoa"]
[Site "San Sebastian ESP"]
[Date "2009.07.09"]
[Round "3.4"]
[White "Ionica, Iulia-Ionela"]
[Black "Michna, Marta"]
[Result "1/2-1/2"]
[WhiteElo "2263"]
[BlackElo "2379"]
[PlyCount "87"]
[EventDate "2009.07.07"]
[EventType "tourn"]
[EventRounds "9"]
[EventCountry "ESP"]
[EventCategory "3"]
[Source "lmi"]
[SourceDate "2009.07.07"]

1. e4 d6 2. d4 g6 3. Nf3 Bg7 4. Bc4 e6 5. Qe2 Ne7 6. O-O O-O 7. c3 b6 8. Rd1
Bb7 9. Bb3 Nd7 10. Nbd2 h6 11. Nf1 a5 12. a4 d5 13. e5 Ba6 14. Qe1 c5 15. Ne3
cxd4 16. cxd4 Rc8 17. Bc2 Nc6 18. Bb1 Nb4 19. Ra3 Rc6 20. h4 Qc7 21. Bd2 Rc8
22. Rc3 Rxc3 23. Bxc3 Qc6 24. Nc2 Qxa4 25. Nxb4 axb4 26. Bxb4 Be2 27. Qxe2 Qxb4
28. h5 gxh5 29. Ne1 Rc4 30. Nd3 Qa4 31. b3 Qxb3 32. Ba2 Rc2 33. Bxb3 Rxe2 34.
f3 f6 35. Kf1 Re3 36. Kf2 Rxd3 37. Rxd3 fxe5 38. Ba4 Nf8 39. dxe5 Bxe5 40. Be8
h4 41. Ke3 Kg7 42. Rb3 Bh2 43. Rb4 Bg1+ 44. Ke2 1/2-1/2

[Event "Torneo Diputación Foral de Gipuzkoa"]
[Site "San Sebastian ESP"]
[Date "2009.07.09"]
[Round "3.5"]
[White "Rozic, Vesna"]
[Black "Melnikova, Yana"]
[Result "1/2-1/2"]
[WhiteElo "2239"]
[BlackElo "2285"]
[PlyCount "36"]
[EventDate "2009.07.07"]
[EventType "tourn"]
[EventRounds "9"]
[EventCountry "ESP"]
[EventCategory "3"]
[Source "lmi"]
[SourceDate "2009.07.07"]

1. d4 g6 2. Nf3 Bg7 3. c3 d6 4. e4 Nd7 5. Be2 c6 6. Qc2 Qc7 7. O-O e5 8. Re1
Ne7 9. Nbd2 O-O 10. Nf1 d5 11. Ne3 exd4 12. Nxd4 Nf6 13. exd5 Nexd5 14. Nxd5
Nxd5 15. Bf3 Nf4 16. Qe4 Ne6 17. Be3 Nxd4 18. Bxd4 Bf5 1/2-1/2

[Event "Torneo Diputación Foral de Gipuzkoa"]
[Site "San Sebastian ESP"]
[Date "2009.07.11"]
[Round "4.1"]
[White "Pokorna, Regina"]
[Black "Melnikova, Yana"]
[Result "0-1"]
[WhiteElo "2381"]
[BlackElo "2285"]
[PlyCount "138"]
[EventDate "2009.07.07"]
[EventType "tourn"]
[EventRounds "9"]
[EventCountry "ESP"]
[EventCategory "3"]
[Source "lmi"]
[SourceDate "2009.07.07"]

1. e4 c5 2. Nf3 Nc6 3. d4 cxd4 4. Nxd4 Nf6 5. Nc3 d6 6. Be2 e5 7. Nf3 h6 8. O-O
Be7 9. Re1 O-O 10. h3 Be6 11. Bf1 Nb8 12. b3 Nbd7 13. Bb2 Qc7 14. a4 a6 15. Nd2
Qc6 16. a5 Rfd8 17. Nc4 Rab8 18. Ne3 Bf8 19. Ned5 Nh7 20. Bc4 Kh8 21. Qe2 Re8
22. b4 f5 23. exf5 Bxf5 24. b5 axb5 25. Bxb5 Qc8 26. Na4 Rd8 27. c4 Nhf6 28.
Rac1 Bg6 29. Qf3 Kh7 30. Ba1 e4 31. Qg3 Nh5 32. Qh4 Ne5 33. Bxe5 dxe5 34. Nac3
Ba3 35. Rcd1 Nf4 36. Nxf4 exf4 37. Rxd8 Qxd8 38. Qxf4 Bd6 39. Qe3 Bb4 40. Rd1
Qxa5 41. Nxe4 Rd8 42. Rxd8 Qxd8 43. Nc3 Qf6 44. Nd5 Qa1+ 45. Kh2 Bd6+ 46. g3
Qb1 47. Nc3 Qf5 48. Kg2 Bc5 49. Qf3 Qe5 50. Kg1 Bb4 51. Ne2 Be4 52. Qe3 Bc5 53.
Qf4 Qa1+ 54. Qc1 Qf6 55. Qf4 Qa1+ 56. Qc1 Qa2 57. Qe1 Bf3 58. Nc3 Qb2 59. Nd5
Bxd5 60. cxd5 Qxb5 61. Qe4+ Kg8 62. Qe6+ Kf8 63. d6 Qc6 64. Qf5+ Kg8 65. Qe6+
Kh8 66. d7 Qxe6 67. d8=Q+ Qg8 68. Qc7 b6 69. Qc6 Qf8 0-1

[Event "Torneo Diputación Foral de Gipuzkoa"]
[Site "San Sebastian ESP"]
[Date "2009.07.11"]
[Round "4.2"]
[White "Michna, Marta"]
[Black "Rozic, Vesna"]
[Result "1-0"]
[WhiteElo "2379"]
[BlackElo "2239"]
[PlyCount "171"]
[EventDate "2009.07.07"]
[EventType "tourn"]
[EventRounds "9"]
[EventCountry "ESP"]
[EventCategory "3"]
[Source "lmi"]
[SourceDate "2009.07.07"]

1. d3 d5 2. Nf3 Nf6 3. Nbd2 e6 4. g3 g6 5. c3 Bg7 6. Bg2 c5 7. O-O Nc6 8. e4
O-O 9. Re1 b6 10. Qa4 Bb7 11. Nf1 dxe4 12. dxe4 e5 13. Bg5 h6 14. Rad1 Qe8 15.
Bxf6 Bxf6 16. Ne3 Bg7 17. Nc4 Rd8 18. Nd6 Qe7 19. Nxb7 Qxb7 20. Bf1 Nb8 21. Bc4
Bf6 22. Rd5 Rxd5 23. Bxd5 Qc7 24. Qc4 Kg7 25. a4 Be7 26. h4 h5 27. Rd1 Rd8 28.
Rd3 Bf6 29. Nh2 Rd7 30. Rf3 Qd6 31. Nf1 Rc7 32. Ne3 Rd7 33. g4 hxg4 34. Nxg4
Bxh4 35. Bxf7 Re7 36. Be8 Qc7 37. Bxg6 Qd7 38. Bf5 Qd1+ 39. Kg2 Qd2 40. Rh3 Qg5
41. Qd5 Na6 42. Qd6 Nc7 43. Qh6+ Qxh6 44. Nxh6 Kxh6 45. Rxh4+ Kg7 46. Rh7+ Kf6
47. Rh6+ Kg7 48. Rc6 Ne8 49. a5 Nf6 50. axb6 axb6 51. Rxb6 Nh5 52. Kf3 Nf4 53.
Ke3 Rc7 54. c4 Ng2+ 55. Ke2 Nf4+ 56. Kd2 Ra7 57. Rb5 Rc7 58. Rb6 Ra7 59. Rc6
Ra5 60. Bc8 Kf7 61. Ba6 Ke7 62. Bb5 Ne6 63. Rb6 Ra1 64. Rb7+ Kf6 65. Bc6 Nd4
66. Bd5 Rb1 67. b4 Rb2+ 68. Kc1 Rxb4 69. Rxb4 cxb4 70. c5 Ke7 71. Kd2 Nf3+ 72.
Kd3 Ne1+ 73. Kc4 b3 74. Kxb3 Nd3 75. Kc4 Nxf2 76. Kb5 Nd1 77. Kb6 Nc3 78. Bc6
Kd8 79. Kb7 Ke7 80. Kc7 Na2 81. Bd5 Nc3 82. c6 Na4 83. Kb8 Nc5 84. c7 Na6+ 85.
Kb7 Nc5+ 86. Kc6 1-0

[Event "Torneo Diputación Foral de Gipuzkoa"]
[Site "San Sebastian ESP"]
[Date "2009.07.11"]
[Round "4.3"]
[White "Karlovich, Anastazia"]
[Black "Ionica, Iulia-Ionela"]
[Result "1/2-1/2"]
[WhiteElo "2211"]
[BlackElo "2263"]
[PlyCount "25"]
[EventDate "2009.07.07"]
[EventType "tourn"]
[EventRounds "9"]
[EventCountry "ESP"]
[EventCategory "3"]
[Source "lmi"]
[SourceDate "2009.07.07"]

1. e4 c5 2. Nf3 e6 3. c3 Nf6 4. e5 Nd5 5. g3 d6 6. exd6 Qxd6 7. Bg2 Be7 8. O-O
O-O 9. d4 Nc6 10. Na3 a6 11. Nc4 Qc7 12. Nce5 b5 13. Nxc6 1/2-1/2

[Event "Torneo Diputación Foral de Gipuzkoa"]
[Site "San Sebastian ESP"]
[Date "2009.07.11"]
[Round "4.4"]
[White "Hamdouchi, Adina-Maria"]
[Black "Tania, Sachdev"]
[Result "0-1"]
[WhiteElo "2324"]
[BlackElo "2410"]
[PlyCount "98"]
[EventDate "2009.07.07"]
[EventType "tourn"]
[EventRounds "9"]
[EventCountry "ESP"]
[EventCategory "3"]
[Source "lmi"]
[SourceDate "2009.07.07"]

1. d4 Nf6 2. Nf3 e6 3. Bf4 c5 4. c3 b6 5. e3 Bb7 6. Bd3 Be7 7. h3 O-O 8. Nbd2
d6 9. Qe2 Qc7 10. e4 cxd4 11. cxd4 Nbd7 12. O-O Rac8 13. Rad1 e5 14. Bh2 Rfe8
15. Rfe1 Bf8 16. Bb1 Qb8 17. a3 Qa8 18. Qe3 g6 19. dxe5 dxe5 20. Ba2 Re7 21.
Bg3 Bg7 22. Nc4 Nxe4 23. Bh4 Bf6 24. Bxf6 Nexf6 25. Nd6 Rf8 26. Nxb7 Qxb7 27.
Ng5 Kg7 28. b4 h6 29. Nxf7 Rfxf7 30. Bxf7 Rxf7 31. f3 Nh5 32. Rd6 Nf4 33. Red1
Kh7 34. h4 Nh5 35. Qd3 Nf8 36. Qe3 Qe7 37. R6d5 Qxh4 38. Rxe5 Ng3 39. Qd4 Qxd4+
40. Rxd4 Nd7 41. Re1 Nf6 42. Rd8 h5 43. Kh2 h4 44. Rc1 Re7 45. Rc6 Re1 46. Rc7+
Kh6 47. Rh8+ Kg5 48. Rxh4 Kxh4 49. Rc4+ Nfe4 0-1

[Event "Torneo Diputación Foral de Gipuzkoa"]
[Site "San Sebastian ESP"]
[Date "2009.07.11"]
[Round "4.5"]
[White "Milliet, Sophie"]
[Black "Zakurdjaeva, Irina"]
[Result "1-0"]
[WhiteElo "2388"]
[BlackElo "2305"]
[PlyCount "95"]
[EventDate "2009.07.07"]
[EventType "tourn"]
[EventRounds "9"]
[EventCountry "ESP"]
[EventCategory "3"]
[Source "lmi"]
[SourceDate "2009.07.07"]

1. e4 e5 2. Nf3 Nc6 3. Bc4 Bc5 4. c3 Nf6 5. d3 a6 6. Bb3 Ba7 7. h3 h6 8. Qe2
O-O 9. g4 d5 10. g5 dxe4 11. dxe4 hxg5 12. Bxg5 Be6 13. Nbd2 Bxb3 14. axb3 Qd6
15. Rg1 Qe6 16. O-O-O Ne7 17. Nh4 Rfd8 18. Rg3 Kf8 19. Rdg1 Rd7 20. Rf3 Rad8
21. Nf5 Nxf5 22. Rxf5 b5 23. Kc2 a5 24. Nf3 a4 25. Qxb5 Nxe4 26. Rxe5 Qxb3+ 27.
Qxb3 axb3+ 28. Kxb3 Nxg5 29. Nxg5 g6 30. Ne4 Kg7 31. Ra1 Bb6 32. f4 Rh8 33. f5
f6 34. Re6 gxf5 35. Nxf6 Rdd8 36. Rf1 Kf7 37. Rc6 Rd6 38. Rxd6 cxd6 39. Rxf5
Ke6 40. Rh5 Rxh5 41. Nxh5 Kf5 42. Kc4 Ke5 43. Ng3 d5+ 44. Kd3 Bd8 45. Ne2 Bh4
46. b4 Be7 47. Nd4 Kf4 48. b5 1-0

[Event "Torneo Diputación Foral de Gipuzkoa"]
[Site "San Sebastian ESP"]
[Date "2009.07.12"]
[Round "5.1"]
[White "Zakurdjaeva, Irina"]
[Black "Pokorna, Regina"]
[Result "0-1"]
[WhiteElo "2305"]
[BlackElo "2381"]
[PlyCount "78"]
[EventDate "2009.07.07"]
[EventType "tourn"]
[EventRounds "9"]
[EventCountry "ESP"]
[EventCategory "3"]
[Source "lmi"]
[SourceDate "2009.07.07"]

1. e4 e5 2. Nf3 Nc6 3. Bb5 a6 4. Ba4 Nf6 5. O-O Be7 6. Bxc6 dxc6 7. Qe1 Nd7 8.
b3 f6 9. Bb2 c5 10. Nc3 Nf8 11. Nh4 Be6 12. Nf5 Bxf5 13. exf5 Qd7 14. Qe4 O-O-O
15. Nd1 g5 16. Ne3 h5 17. Rfd1 Nh7 18. b4 g4 19. c4 Ng5 20. Qc2 h4 21. Nxg4 h3
22. d4 cxd4 23. f4 d3 24. Qf2 exf4 25. Nxf6 Qxf5 26. g4 Qg6 27. Nd5 Rxd5 28.
cxd5 Rf8 29. Rac1 Qe4 30. Rf1 Qxd5 31. a3 Bd6 32. Bg7 Rg8 33. Ba1 c6 34. Rcd1
Bc7 35. Bd4 Ne4 36. Qf3 Qxd4+ 37. Kh1 d2 38. Qb3 Rd8 39. Qf3 Nc3 0-1

[Event "Torneo Diputación Foral de Gipuzkoa"]
[Site "San Sebastian ESP"]
[Date "2009.07.12"]
[Round "5.3"]
[White "Ionica, Iulia-Ionela"]
[Black "Hamdouchi, Adina-Maria"]
[Result "1/2-1/2"]
[WhiteElo "2263"]
[BlackElo "2324"]
[PlyCount "35"]
[EventDate "2009.07.07"]
[EventType "tourn"]
[EventRounds "9"]
[EventCountry "ESP"]
[EventCategory "3"]
[Source "lmi"]
[SourceDate "2009.07.07"]

1. e4 d6 2. d4 Nf6 3. Nc3 g6 4. Nf3 Bg7 5. Be2 O-O 6. O-O c5 7. dxc5 dxc5 8.
Be3 b6 9. e5 Ng4 10. Qd5 Qxd5 11. Nxd5 Nc6 12. Bg5 Bb7 13. Nxe7+ Nxe7 14. Bxe7
Rfe8 15. Bd6 Nxe5 16. Nxe5 Bxe5 17. Bxe5 Rxe5 18. Bd3 1/2-1/2

[Event "Torneo Diputación Foral de Gipuzkoa"]
[Site "San Sebastian ESP"]
[Date "2009.07.12"]
[Round "5.4"]
[White "Rozic, Vesna"]
[Black "Karlovich, Anastazia"]
[Result "1-0"]
[WhiteElo "2239"]
[BlackElo "2211"]
[PlyCount "59"]
[EventDate "2009.07.07"]
[EventType "tourn"]
[EventRounds "9"]
[EventCountry "ESP"]
[EventCategory "3"]
[Source "lmi"]
[SourceDate "2009.07.07"]

1. d4 d5 2. Nf3 Bf5 3. c4 e6 4. Nc3 c6 5. Qb3 Qb6 6. c5 Qc7 7. Bf4 Qc8 8. Nh4
Bg6 9. Nxg6 hxg6 10. e4 Nf6 11. exd5 exd5 12. O-O-O Be7 13. Re1 Kf8 14. Bd3 Nh5
15. Bd2 Nd7 16. g4 Nhf6 17. Qd1 b6 18. g5 Ne8 19. Qf3 bxc5 20. Bxg6 Nd6 21. Bf4
Nc4 22. Rxe7 Kxe7 23. Re1+ Kf8 24. Bg3 f6 25. Qe2 Nde5 26. dxe5 f5 27. e6 Ke7
28. Bxf5 Qb7 29. Bd3 Nd6 30. Bxd6+ 1-0

[Event "Torneo Diputación Foral de Gipuzkoa"]
[Site "San Sebastian ESP"]
[Date "2009.07.12"]
[Round "5.5"]
[White "Melnikova, Yana"]
[Black "Michna, Marta"]
[Result "1/2-1/2"]
[WhiteElo "2285"]
[BlackElo "2379"]
[PlyCount "42"]
[EventDate "2009.07.07"]
[EventType "tourn"]
[EventRounds "9"]
[EventCountry "ESP"]
[EventCategory "3"]
[Source "lmi"]
[SourceDate "2009.07.07"]

1. e4 e6 2. d4 d5 3. exd5 exd5 4. c4 Bb4+ 5. Nc3 Nf6 6. Nf3 O-O 7. Bd3 dxc4 8.
Bxc4 Qe7+ 9. Be3 Ng4 10. Qd3 c6 11. O-O Nxe3 12. fxe3 Be6 13. Bxe6 Qxe6 14. e4
Nd7 15. a3 Be7 16. Rae1 Rad8 17. Kh1 Nb6 18. Qc2 Bf6 19. e5 Be7 20. Re4 Nd5 21.
Nh4 Bxh4 1/2-1/2

[Event "Torneo Diputación Foral de Gipuzkoa"]
[Site "San Sebastian ESP"]
[Date "2009.07.13"]
[Round "6.1"]
[White "Pokorna, Regina"]
[Black "Michna, Marta"]
[Result "1-0"]
[WhiteElo "2381"]
[BlackElo "2379"]
[PlyCount "69"]
[EventDate "2009.07.07"]
[EventType "tourn"]
[EventRounds "9"]
[EventCountry "ESP"]
[EventCategory "3"]
[Source "lmi"]
[SourceDate "2009.07.07"]

1. e4 e6 2. d4 d5 3. Nd2 Nf6 4. e5 Nfd7 5. Bd3 c5 6. c3 Nc6 7. Ne2 Rb8 8. O-O
b5 9. Nf3 Be7 10. Nf4 Qb6 11. Bc2 b4 12. c4 dxc4 13. d5 Ncxe5 14. dxe6 Nxf3+
15. Qxf3 Nf6 16. Nd5 Bb7 17. Ba4+ Kd8 18. Nxb6 Bxf3 19. Nxc4 Be2 20. Ne5 Bxf1
21. Nc6+ Kc7 22. Kxf1 Bd6 23. Nxb8 Rxb8 24. exf7 Rf8 25. Bb3 Ng4 26. a3 Ne5 27.
axb4 c4 28. Rxa7+ Kb8 29. Ra6 cxb3 30. Rxd6 Rxf7 31. Rd4 Kb7 32. Bf4 Nc6 33.
Rc4 Kb6 34. Be3+ Kb7 35. Rc3 1-0

[Event "Torneo Diputación Foral de Gipuzkoa"]
[Site "San Sebastian ESP"]
[Date "2009.07.13"]
[Round "6.4"]
[White "Milliet, Sophie"]
[Black "Ionica, Iulia-Ionela"]
[Result "1-0"]
[WhiteElo "2388"]
[BlackElo "2263"]
[PlyCount "83"]
[EventDate "2009.07.07"]
[EventType "tourn"]
[EventRounds "9"]
[EventCountry "ESP"]
[EventCategory "3"]
[Source "lmi"]
[SourceDate "2009.07.07"]

1. e4 c5 2. Nf3 e6 3. d4 cxd4 4. Nxd4 Nf6 5. Nc3 d6 6. Be2 Be7 7. O-O Nc6 8.
Be3 a6 9. f4 O-O 10. Qe1 Bd7 11. Kh1 b5 12. a3 Nxd4 13. Bxd4 Bc6 14. Qg3 Qd7
15. Bd3 Nh5 16. Qh3 g6 17. f5 Bf6 18. Bxf6 Nxf6 19. Qh4 Kg7 20. Rf2 h6 21. fxg6
fxg6 22. Raf1 Nh7 23. e5 Rxf2 24. Rxf2 Qd8 25. Qg4 Qe8 26. exd6 Rd8 27. Qd4+ e5
28. Qc5 Nf6 29. Re2 Qd7 30. Qxe5 Qxd6 31. Qe7+ Kg8 32. Bxg6 Qxe7 33. Rxe7 a5
34. b4 axb4 35. axb4 Rd2 36. Re2 Rd4 37. Re6 Rf4 38. Kg1 Bd7 39. Rd6 Kg7 40.
Bd3 Rxb4 41. Rxf6 Rd4 42. Rg6+ 1-0